000 01813cam a22002891i 4500
003 SA-RiAUC
005 20250930124813.0
008 250805s1972 ua g b 00000 ara c
024 0 _a00000001007054
040 _aSA-JeALM
_bara
_cSA-RiAUC
_dAE-DuMBRL
_erda
050 4 _b.B34 1972
082 0 4 _a255
_qSA-RiAUC
090 _a255
_bب هـ ن
100 1 _aبهنسي، أحمد فتحي
_eمؤلف.
245 1 0 _aمدخل الفقه الجنائي الإسلامي /
_cدكتور أحمد فتحي بهنسي.
264 1 _aالقاهرة ؛
_aبيروت :
_bدار الشروق،
_c1972
300 _a212 صفحة ؛
_c24 سم.
336 _aنص
_btxt
_2rdacontent
_3كتاب
337 _aبدون وسيط
_bn
_2rdamedia
338 _aمجلد
_bnc
_2rdacarrier
504 _aيشتمل على ببليوجرافية.
505 0 _aالمحتويات : مقدمة، المقصود بالفقه، الفقه الجنائي، قانون العقوبات الإسلامي-الباب الأول : الفصل الأول : الحدود : الحد في اللغة، أولا جريمة السرقة : أولا الأمور المتفق عليها، ثانيا : الأمور المختلف عليها، ثانيا : جريمة قطع الطريق (الحرابة) ...-الباب الثاني : التعزيز : الجرائم خلاف الحدود، الحدود التي لم تتكامل أركانها، معنى التعزيز، أنواع التعزيز، خصائص التعزيز : 1-التعزيز غير مقدر، 2-يجوز ضم نوع منه إلى نوع آخر ... وموضوعات أخرى.
650 7 _aالجنايات (فقه إسلامي)
_2aucsh
650 7 _aالحدود (شريعة إسلامية)
_2aucsh
942 _2ddc
_cBOOK
_n0
949 _aSA-JeALM
_d250805
_uosman123
_n1
999 _c12247
_d12247